[Event "Stuttgart-chA int"]
[Site "Ditzingen"]
[Date "2010.05.15"]
[Round "6"]
[White "Naundorf, Jo Jan"]
[Black "Schoembs, Oliver"]
[Result "0-1"]
[WhiteElo "1809"]
[BlackElo "1952"]
[PlyCount "30"]
[EventDate "2010.05.13"]
[EventType "swiss"]
[EventRounds "7"]
[EventCountry "GER"]
[SourceTitle "EXT 2018"]
[Source "ChessBase"]
[SourceDate "2017.10.13"]
[SourceVersion "1"]
[SourceVersionDate "2017.10.13"]
[SourceQuality "1"]

1. e4 e5 2. Nf3 Nc6 3. Bb5 f5 4. Bxc6 dxc6 5. Nc3 Nf6 6. Nxe5 fxe4 7. Nc4 Bc5 8. 0-0 0-0 9. d3 Ng4 10. Nxe4 Qh4 11. h3 Nxf2 12. Nxf2 Bxf2+ 13. Rxf2 Rxf2 14. Be3 Rxg2+ 15. Kxg2 Bxh3+ 0-1

[Event "Stuttgart-chB int"]
[Site "Ditzingen"]
[Date "2008.05.03"]
[Round "6"]
[White "Naundorf, Jo Jan"]
[Black "Mueller, Nils Samuel"]
[Result "1-0"]
[WhiteElo "1479"]
[BlackElo "1738"]
[PlyCount "81"]
[EventDate "2008.05.01"]
[EventType "swiss"]
[EventRounds "7"]
[EventCountry "GER"]
[SourceTitle "EXT 2018"]
[Source "ChessBase"]
[SourceDate "2017.10.13"]
[SourceVersion "1"]
[SourceVersionDate "2017.10.13"]
[SourceQuality "1"]

1. e4 e5 2. Nf3 Nc6 3. Bb5 a6 4. Bxc6 dxc6 5. 0-0 Bg4 6. h3 h5 7. d3 Bxf3 8. Qxf3 Qf6 9. Nd2 0-0-0 10. b3 Bb4 11. Qxf6 Nxf6 12. Nf3 Bc3 13. Rb1 Rhf8 14. Bg5 Rd6 15. Nh4 Ng8 16. Nf5 Rg6 17. Be3 Rd8 18. a3 Kb8 19. b4 Nh6 20. Ng3 h4 21. Nf5 Nxf5 22. exf5 Rgd6 23. Bg5 Rh8 24. f4 f6 25. fxe5 Bxe5 26. Bf4 Re8 27. Rbe1 Kc8 28. Bxe5 fxe5 29. Re4 Rf6 30. Rxh4 Ref8 31. g4 g6 32. Rh6 gxf5 33. Rxf6 Rxf6 34. Rxf5 Rxf5 35. gxf5 Kd7 36. Kg2 Ke7 37. Kg3 b6 38. Kg4 Kf7 39. Kg5 c5 40. bxc5 bxc5 41. c4 1-0

[Event "Stuttgart-chB int"]
[Site "Gerlingen"]
[Date "2007.05.20"]
[Round "7"]
[White "Srokovskiy, Andrea"]
[Black "Naundorf, Jo Jan"]
[Result "0-1"]
[WhiteElo "1234"]
[BlackElo "1501"]
[PlyCount "106"]
[EventDate "2007.05.17"]
[EventType "swiss"]
[EventRounds "7"]
[EventCountry "GER"]
[SourceTitle "EXT 2018"]
[Source "ChessBase"]
[SourceDate "2017.10.13"]
[SourceVersion "1"]
[SourceVersionDate "2017.10.13"]
[SourceQuality "1"]

1. e4 c5 2. Nf3 d6 3. Bc4 Nf6 4. Nc3 g6 5. 0-0 Bg7 6. d4 cxd4 7. Nxd4 0-0 8. Bg5 Bd7 9. Kh1 Nc6 10. Nxc6 Bxc6 11. f3 h6 12. Bh4 Kh7 13. Qd3 Rc8 14. Rad1 a6 15. Rf2 Nd7 16. Rb1 Ne5 17. Qe2 Nxc4 18. Qxc4 Bb5 19. Qb3 Bd4 20. Rd2 Be3 21. Rdd1 Qd7 22. Nd5 Bc5 23. Bxe7 Kg7 24. Bxf8+ Kxf8 25. a4 Bxa4 26. Nf6 Qc6 27. Qc3 a5 28. b3 Bb4 29. Qxc6 Bxc6 30. Rd3 Bb5 31. Rd5 Bc6 32. Rdd1 Bb5 33. c4 Ba6 34. f4 Kg7 35. Nd5 Bc5 36. Ne7 Re8 37. Nd5 Rxe4 38. g3 b6 39. Kg2 Re2+ 40. Kh3 Bc8+ 41. g4 h5 42. Re1 Bxg4+ 43. Kg3 Bf2+ 44. Kg2 Bxe1+ 45. Kf1 Bh4 46. h3 Rf2+ 47. Kg1 Bxh3 48. Ne3 Rxf4 49. Nd5 Bf5 50. Rd1 Rg4+ 51. Kf1 Bc2 52. Rd2 Bxb3 53. Nxb6 Rf4+ 0-1

[Event "GER-ch op U25"]
[Site "Willingen"]
[Date "2006.06.06"]
[Round "6"]
[White "Naundorf, Jo Jan"]
[Black "Holle, Eric"]
[Result "1-0"]
[WhiteElo "1244"]
[BlackElo "878"]
[PlyCount "56"]
[EventDate "2006.06.04"]
[EventType "swiss"]
[EventRounds "9"]
[EventCountry "GER"]
[SourceTitle "EXT 2007"]
[Source "ChessBase"]
[SourceDate "2006.11.23"]
[SourceVersion "1"]
[SourceVersionDate "2006.11.23"]
[SourceQuality "1"]

1. e4 e5 2. Nf3 Nc6 3. Bb5 d6 4. 0-0 Nf6 5. Nc3 Be7 6. d4 exd4 7. Nxd4 Bd7 8. Nxc6 Bxc6 9. Bxc6+ bxc6 10. Bf4 d5 11. e5 Nd7 12. Re1 0-0 13. Qd3 Rb8 14. Rab1 Bc5 15. Qg3 Kh8 16. e6 fxe6 17. Rxe6 Bd4 18. Nd1 Rf7 19. Bxc7 Bxf2+ 20. Nxf2 Qc8 21. Bxb8 Nxb8 22. Rbe1 Rf8 23. Re7 Rg8 24. Qg4 Qd8 25. Qh5 h6 26. Re8 Rxe8 27. Rxe8+ Qxe8 28. Qxe8+ Kh7 1-0

[Event "Stuttgart-chB int"]
[Site "Ditzingen"]
[Date "2006.05.25"]
[Round "1"]
[White "Naundorf, Jo Jan"]
[Black "Pocrnic, Josip"]
[Result "0-1"]
[WhiteElo "1244"]
[BlackElo "1678"]
[PlyCount "63"]
[EventDate "2006.05.25"]
[EventType "swiss"]
[EventRounds "7"]
[EventCountry "GER"]
[SourceTitle "EXT 2018"]
[Source "ChessBase"]
[SourceDate "2017.10.13"]
[SourceVersion "1"]
[SourceVersionDate "2017.10.13"]
[SourceQuality "1"]

1. e4 e6 2. Nf3 d5 3. e5 c5 4. c3 Nc6 5. d4 Bd7 6. Be2 cxd4 7. cxd4 Bb4+ 8. Nc3 Rc8 9. Bd2 Bxc3 10. bxc3 Na5 11. Rc1 Ne7 12. 0-0 h6 13. Bd3 Nc4 14. Qb3 Nc6 15. Bxc4 Na5 16. Qa3 Rxc4 17. Rb1 b6 18. Rb4 Rc7 19. Rfb1 Qc8 20. Qc1 Nc4 21. R1b3 Rb7 22. Rb1 a5 23. R4b3 Ba4 24. Bf4 Qc7 25. Ra1 g5 26. Bg3 Kd7 27. Rbb1 Rc8 28. h3 b5 29. Qe1 Na3 30. Rc1 Nc2 31. Rxc2 Bxc2 32. Qc1 0-1

[Event "Stuttgart-chB int"]
[Site "Ditzingen"]
[Date "2006.05.25"]
[Round "2"]
[White "Zerweck, Christoph"]
[Black "Naundorf, Jo Jan"]
[Result "1-0"]
[WhiteElo "1781"]
[BlackElo "1244"]
[PlyCount "45"]
[EventDate "2006.05.25"]
[EventType "swiss"]
[EventRounds "7"]
[EventCountry "GER"]
[SourceTitle "EXT 2018"]
[Source "ChessBase"]
[SourceDate "2017.10.13"]
[SourceVersion "1"]
[SourceVersionDate "2017.10.13"]
[SourceQuality "1"]

1. e4 c5 2. Nf3 d6 3. d4 cxd4 4. Nxd4 Nf6 5. Nc3 g6 6. Be3 Bg7 7. f3 0-0 8. Qd2 Nc6 9. 0-0-0 Bd7 10. g4 a6 11. h4 b5 12. Nxc6 Bxc6 13. Bh6 b4 14. Nd5 Bxd5 15. exd5 a5 16. Bxg7 Kxg7 17. h5 Qb6 18. hxg6 fxg6 19. Qh6+ Kg8 20. Bd3 Kf7 21. g5 Nh5 22. Qxh7+ Ng7 23. Bxg6# 1-0

[Event "Wuerttemberg-ch U12"]
[Site "Friedrichshafen"]
[Date "2005.04.02"]
[Round "7"]
[White "Ameln, Till"]
[Black "Naundorf, Jo Jan"]
[Result "0-1"]
[WhiteElo "1103"]
[BlackElo "1077"]
[PlyCount "86"]
[EventDate "2005.03.29"]
[EventType "swiss"]
[EventRounds "7"]
[EventCountry "GER"]
[SourceTitle "EXT 2007"]
[Source "ChessBase"]
[SourceDate "2006.11.23"]
[SourceVersion "1"]
[SourceVersionDate "2006.11.23"]
[SourceQuality "1"]

1. d4 g6 2. c4 Nf6 3. Nc3 Bg7 4. e4 d6 5. Nf3 0-0 6. Bf4 c5 7. e5 Nh5 8. Bg5 f6 9. exf6 exf6 10. Be3 cxd4 11. Nxd4 Bd7 12. Be2 Qe8 13. Ndb5 Bxb5 14. Nxb5 Qe5 15. Nc7 Qa5+ 16. b4 Qxc7 17. Qd5+ Rf7 18. c5 dxc5 19. Bc4 cxb4 20. Qxf7+ Qxf7 21. Bxf7+ Kxf7 22. Rc1 Nc6 23. 0-0 f5 24. Rfd1 Nf6 25. Bg5 Rd8 26. Rxd8 Nxd8 27. Rc7+ Kf8 28. Rc8 Ke8 29. Rc7 Nd7 30. Bxd8 Kxd8 31. Rxb7 a5 32. Kf1 Be5 33. Ra7 Bc7 34. Ke2 Kc8 35. Ra6 Kb7 36. Re6 Bxh2 37. Re7 Kc6 38. Rxh7 Be5 39. Rh6 Nf8 40. Rh3 Kb5 41. Rd3 Kc4 42. Kd2 Ne6 43. Re3 Bf4 0-1

[Event "Wuerttemberg-ch U12"]
[Site "Friedrichshafen"]
[Date "2005.03.30"]
[Round "4"]
[White "Naundorf, Jo Jan"]
[Black "Bauer, Adam Maria"]
[Result "1-0"]
[WhiteElo "1077"]
[BlackElo "1122"]
[PlyCount "51"]
[EventDate "2005.03.29"]
[EventType "swiss"]
[EventRounds "7"]
[EventCountry "GER"]
[SourceTitle "EXT 2007"]
[Source "ChessBase"]
[SourceDate "2006.11.23"]
[SourceVersion "1"]
[SourceVersionDate "2006.11.23"]
[SourceQuality "1"]

1. e4 e5 2. Nf3 d6 3. d4 exd4 4. Nxd4 c5 5. Nf3 Nc6 6. Nc3 Nf6 7. Bc4 Bg4 8. Bf4 Be7 9. h3 Bh5 10. g4 Bg6 11. Qe2 Qa5 12. 0-0-0 0-0-0 13. Nh4 Rhf8 14. Nxg6 hxg6 15. Rd2 Rd7 16. Be3 a6 17. a3 Kc7 18. f4 Nh7 19. Rhd1 f6 20. Nd5+ Kd8 21. Nxe7 Kxe7 22. Qf2 Rfd8 23. c3 b5 24. Bd5 Rc8 25. Ba2 b4 26. Bxc5 1-0